Management of organizational change : (Record no. 152983)

MARC details
000 -LEADER
fixed length control field 00728nam a22002297a 4500
005 - DATE AND TIME OF LATEST TRANSACTION
control field 20180705170912.0
008 - FIXED-LENGTH DATA ELEMENTS--GENERAL INFORMATION
fixed length control field 180622b xxu||||| |||| 00| 0 eng d
010 ## - LCCN (DPL NO)
LC control number B-224861
020 ## - INTERNATIONAL STANDARD BOOK NUMBER
International Standard Book Number 0761934154
Terms of availability 480.00
035 ## - SYSTEM CONTROL NUMBER
System control number B-224861, B-224858
037 ## - SOURCE OF ACQUISITION
Source of stock number/acquisition BPPD/PUB
040 ## - CATALOGING SOURCE
Original cataloging agency dpl
Language of cataloging English
082 ## - DEWEY DECIMAL CLASSIFICATION NUMBER
Classification number 658.406
100 ## - MAIN ENTRY--PERSONAL NAME
Personal name Harigopal ,K.
245 ## - TITLE STATEMENT
Title Management of organizational change :
Statement of responsibility, etc by K. Harigopal
Remainder of title leveraging transformation/
250 ## - EDITION STATEMENT
Edition statement 2nd ed
260 ## - PUBLICATION, DISTRIBUTION, ETC. (IMPRINT)
Place of publication, distribution, etc New Delhi
Name of publisher, distributor, etc Response books
Date of publication, distribution, etc 2007
270 ## - ADDRESS
Address B1/11, Mohan cooperative Industrial Area Mathura road
City New Delhi
Postal code 110044
300 ## - PHYSICAL DESCRIPTION
Extent 341p.
Dimensions 23 cm (pbk)
500 ## - GENERAL NOTE
General note Includes index
942 ## - ADDED ENTRY ELEMENTS (KOHA)
Item type English Books
Classification part 658.40
Source of classification or shelving scheme Dewey Decimal Classification
Call number suffix HAR
Holdings
Withdrawn status Lost status Source of classification or shelving scheme Damaged status Not for loan Collection code Home library Current library Date acquired Source of acquisition Cost, normal purchase price Total Checkouts Full call number Barcode Date last seen Cost, replacement price Koha item type
    Dewey Decimal Classification     Non-fiction Patel Nagar Patel Nagar 05/07/2018   480.00   658.40 HAR B-224858 05/07/2018 480.00 English Books
    Dewey Decimal Classification     Non-fiction Sarojini Nagar Sarojini Nagar 10/04/2019       658.40 HAR B-224859 10/04/2019   English Books
    Dewey Decimal Classification     Non-fiction Shahdara Branch Shahdara Branch 22/06/2018 BPPD/PUB 480.00 1 658.406 HAR B-224861 13/04/2024 480.00 English Books

© Delhi Public Library
Hit Counter
free hit counter